Longest Combined Country and Capitals - Statistics

General Stats
  • This quiz has been taken 22 times
  • The average score is 10 of 14
Answer Stats
Length Country Capital % Correct
36 Democratic Republic of the Congo Kinshasa
90%
28 Trinidad and Tobago Port of Spain
86%
26 United Arab Emirates Abu Dhabi
86%
28 Saint Kitts and Nevis Basseterre
81%
40 United States Washington District of Columbia
81%
29 Republic of the Congo Brazzaville
76%
37 Saint Vincent and the Grenadines Kingstown
76%
31 Sri Lanka Sri Jayawardenepura Kotte
76%
27 Antigua and Barbuda Saint John's
71%
29 Dominican Republic Santo Domingo
71%
28 Bosnia and Herzegovina Sarajevo
62%
25 Papua New Guinea Port Moresby
62%
25 São Tomé and Príncipe São Tomé
62%
28 Central African Republic Bangui
57%
No matching quizzes found
Score Distribution
Percent of People with Each Score
Percentile by Number Answered
Your Score History
You have not taken this quiz